<?xml version="1.0" encoding="UTF-8"?>
<record
    xmlns:xsi="http://www.w3.org/2001/XMLSchema-instance"
    xsi:schemaLocation="http://www.loc.gov/MARC21/slim http://www.loc.gov/standards/marcxml/schema/MARC21slim.xsd"
    xmlns="http://www.loc.gov/MARC21/slim">

  <leader>04134nam a2200493Ia 4500</leader>
  <controlfield tag="001">dia_3620</controlfield>
  <controlfield tag="003">CHAP</controlfield>
  <controlfield tag="005">20250430120209.0</controlfield>
  <controlfield tag="007">ta</controlfield>
  <controlfield tag="008">220117s2005    mx ad  frm    001 0 spa d</controlfield>
  <datafield tag="010" ind1=" " ind2=" ">
    <subfield code="a">174132</subfield>
  </datafield>
  <datafield tag="040" ind1=" " ind2=" ">
    <subfield code="c">CHAP</subfield>
    <subfield code="a">mxchpua</subfield>
    <subfield code="e">rda</subfield>
  </datafield>
  <datafield tag="041" ind1="0" ind2=" ">
    <subfield code="a">spa</subfield>
    <subfield code="b">eng</subfield>
  </datafield>
  <datafield tag="090" ind1=" " ind2=" ">
    <subfield code="a">Tesis </subfield>
    <subfield code="b">V39 </subfield>
    <subfield code="c">2005</subfield>
  </datafield>
  <datafield tag="100" ind1="1" ind2=" ">
    <subfield code="a">V&#xE1;zquez Espinoza, Yolanda Rosalba</subfield>
  </datafield>
  <datafield tag="240" ind1="1" ind2="0">
    <subfield code="a">Application of a mesophilic commercial lactic ferment in the elaboration of a meat sausage.</subfield>
    <subfield code="l">Espa&#xF1;ol</subfield>
  </datafield>
  <datafield tag="245" ind1="1" ind2="0">
    <subfield code="a">Aplicaci&#xF3;n de un cultivo l&#xE1;ctico mesof&#xED;lico comercial, en la elaboraci&#xF3;n de un embutido c&#xE1;rnico /</subfield>
    <subfield code="c">Yolanda Rosalba V&#xE1;zquez Espinoza</subfield>
  </datafield>
  <datafield tag="264" ind1=" " ind2=" ">
    <subfield code="a">Chapingo, M&#xE9;xico :</subfield>
    <subfield code="b">El autor,</subfield>
    <subfield code="c">2005</subfield>
  </datafield>
  <datafield tag="300" ind1=" " ind2=" ">
    <subfield code="a">xii, 80 hojas :</subfield>
    <subfield code="b">ilustraciones, gr&#xE1;ficas, diagramas, tablas</subfield>
  </datafield>
  <datafield tag="336" ind1=" " ind2=" ">
    <subfield code="2">rdacontent</subfield>
    <subfield code="a">texto</subfield>
    <subfield code="b">txt</subfield>
  </datafield>
  <datafield tag="337" ind1=" " ind2=" ">
    <subfield code="2">rdamedia</subfield>
    <subfield code="a">no mediado</subfield>
    <subfield code="b">nc</subfield>
  </datafield>
  <datafield tag="338" ind1=" " ind2=" ">
    <subfield code="2">rdacarrier</subfield>
    <subfield code="a">volumen</subfield>
    <subfield code="b">nc</subfield>
  </datafield>
  <datafield tag="502" ind1=" " ind2=" ">
    <subfield code="a">Tesis </subfield>
    <subfield code="b">(Ingeniero Agroindustrial) --</subfield>
    <subfield code="c">UACh. Departamento de Ingenier&#xED;a Agroindustrial,</subfield>
    <subfield code="d">2005</subfield>
  </datafield>
  <datafield tag="504" ind1=" " ind2=" ">
    <subfield code="a">Bibliograf&#xED;a: hojas 66-68</subfield>
  </datafield>
  <datafield tag="520" ind1="3" ind2=" ">
    <subfield code="a">En este trabajo, mediante un dise&#xF1;o completamente al azar se evaluaron tres tratamientos en un embutido c&#xE1;rnico crudo, fermentado con Lactococcus lactis ssp. lactis y Lactococcus lactis ssp. cremoris; el primero, no tuvo sustrato ayuda de fermentaci&#xF3;n, el segundo conten&#xED;a glucosa, y el tercero  lactosa. El experimento se realiz&#xF3; en un lapso de 22 d&#xED;as de fermentaci&#xF3;n, durante el cual se monitore&#xF3; la acidez desarrollada, y la aw. Al los 20 d&#xED;as se realiz&#xF3; un an&#xE1;lisis sensorial, por pruebas de preferencia y aceptaci&#xF3;n, con esta &#xFA;ltima, se evalu&#xF3; el color y la rebanabilidad del embutido . Los resultados del an&#xE1;lisis proximal mostraron que  el sustrato de fermentaci&#xF3;n  no influy&#xF3; sobre las variables humedad, grasa, prote&#xED;na, cenizas y aw; mientras que el pH mostr&#xF3; un mayor descenso en el embutido que conten&#xED;a como sustrato a la glucosa, lo que indica que hubo mejor fermentaci&#xF3;n l&#xE1;ctica. Sensorialmente, se encontr&#xF3; que el embutido de mayor preferencia fue el que se elabor&#xF3; con glucosa, de igual manera fue el m&#xE1;s aceptado por sus atributos de rebanabilidad y color.  --</subfield>
  </datafield>
  <datafield tag="520" ind1="3" ind2=" ">
    <subfield code="a">In this work, three treatments were evaluated in a raw meat sausage. The treatments consisted in meat sausage fermented with Lactococcus lactis ssp. Lactis and Lactococcus lactis ssp. Cremoris, using a totally randomized design. In the first treatment, there was no substrate material for fermentation, the second treatment contained glucose, and the third one had lactose. The experiment was carried out within a lapse of 22 days of fermentation. During this time there were measured developed acidity and aw. On the day 20, it was made a sense analysis, using preference and acceptance tests; together with the acceptance test, color and slicing properties of the sausage were evaluated. The results of the proximal analysis showed that substrate fermentation didn't influence on humidity, fat, protein, ash and aw variables; contrasting, pH levels dropped in the sausage that contained glucose as substrate, which indicates that it had a better lactic fermentation. Regarding to the sense tests, it was found that the sausage more preferred was the one elaborated with glucose, which also was the more accepted due its slicing and color properties. </subfield>
  </datafield>
  <datafield tag="650" ind1="1" ind2="3">
    <subfield code="a">Carnes curadas  </subfield>
    <subfield code="2">atg</subfield>
  </datafield>
  <datafield tag="650" ind1="1" ind2="3">
    <subfield code="a">Carne fermentada</subfield>
    <subfield code="x">Lactococcus lactis</subfield>
    <subfield code="2">atg</subfield>
  </datafield>
  <datafield tag="650" ind1="1" ind2="3">
    <subfield code="a">Salchichas fermentadas</subfield>
    <subfield code="x">Propiedades sensoriales</subfield>
    <subfield code="2">atg</subfield>
  </datafield>
  <datafield tag="650" ind1="1" ind2="3">
    <subfield code="a">Cured meats</subfield>
    <subfield code="2">atg</subfield>
  </datafield>
  <datafield tag="650" ind1="1" ind2="3">
    <subfield code="a">Fermented meat</subfield>
    <subfield code="x">Lactococcus lactis</subfield>
    <subfield code="2">atg</subfield>
  </datafield>
  <datafield tag="650" ind1="1" ind2="3">
    <subfield code="a">Fermented sausages</subfield>
    <subfield code="x">Sensory properties</subfield>
    <subfield code="2">atg</subfield>
  </datafield>
  <datafield tag="700" ind1="1" ind2=" ">
    <subfield code="a">Villegas de Gante, Abraham Zacarias</subfield>
    <subfield code="e">director</subfield>
  </datafield>
  <datafield tag="700" ind1="1" ind2=" ">
    <subfield code="a">Leyva Ruelas, Gabriel</subfield>
    <subfield code="e">asesor</subfield>
  </datafield>
  <datafield tag="700" ind1="1" ind2=" ">
    <subfield code="a">Mejenes Quijano, Amilcar Ren&#xE1;n</subfield>
    <subfield code="e">asesor</subfield>
  </datafield>
  <datafield tag="856" ind1="4" ind2="1">
    <subfield code="u">http://10.13.5.2/tesis/103048.pdf</subfield>
    <subfield code="y">DESCARGAR PDF</subfield>
  </datafield>
  <datafield tag="901" ind1=" " ind2=" ">
    <subfield code="a">TESIS V39 2005</subfield>
  </datafield>
  <datafield tag="902" ind1=" " ind2=" ">
    <subfield code="a">M</subfield>
  </datafield>
  <datafield tag="905" ind1=" " ind2=" ">
    <subfield code="a">0000002005                          mx M   0000000000spa00</subfield>
  </datafield>
  <datafield tag="942" ind1=" " ind2=" ">
    <subfield code="c">TESIS</subfield>
    <subfield code="2">Clasificaci&#xF3;n Universidad Aut&#xF3;noma Chapingo</subfield>
  </datafield>
  <datafield tag="999" ind1=" " ind2=" ">
    <subfield code="c">174132</subfield>
    <subfield code="d">174132</subfield>
  </datafield>
  <datafield tag="952" ind1=" " ind2=" ">
    <subfield code="0">0</subfield>
    <subfield code="1">0</subfield>
    <subfield code="2">local</subfield>
    <subfield code="4">0</subfield>
    <subfield code="5">1</subfield>
    <subfield code="7">0</subfield>
    <subfield code="8">TESIS</subfield>
    <subfield code="a">IA_</subfield>
    <subfield code="b">IA_</subfield>
    <subfield code="e">El autor</subfield>
    <subfield code="l">0</subfield>
    <subfield code="o">Tesis V39 2005</subfield>
    <subfield code="p">1101015385</subfield>
    <subfield code="r">2026-02-02 00:00:00</subfield>
    <subfield code="t">Ej. 1</subfield>
    <subfield code="y">TESIS</subfield>
  </datafield>
  <datafield tag="952" ind1=" " ind2=" ">
    <subfield code="0">0</subfield>
    <subfield code="1">0</subfield>
    <subfield code="2">local</subfield>
    <subfield code="4">0</subfield>
    <subfield code="5">5</subfield>
    <subfield code="7">0</subfield>
    <subfield code="8">TESIS</subfield>
    <subfield code="a">IA_</subfield>
    <subfield code="b">IA_</subfield>
    <subfield code="d">2025-04-29</subfield>
    <subfield code="e">El autor</subfield>
    <subfield code="l">0</subfield>
    <subfield code="o">Tesis V39 2005</subfield>
    <subfield code="p">1101015386</subfield>
    <subfield code="r">2026-02-02 00:00:00</subfield>
    <subfield code="t">Ej. 2</subfield>
    <subfield code="w">2025-04-29</subfield>
    <subfield code="y">TESIS</subfield>
  </datafield>
  <datafield tag="952" ind1=" " ind2=" ">
    <subfield code="0">0</subfield>
    <subfield code="1">0</subfield>
    <subfield code="2">local</subfield>
    <subfield code="4">0</subfield>
    <subfield code="7">0</subfield>
    <subfield code="8">TesDigL</subfield>
    <subfield code="a">IA_</subfield>
    <subfield code="b">IA_</subfield>
    <subfield code="c">E_L</subfield>
    <subfield code="d">2025-04-29</subfield>
    <subfield code="e">El autor</subfield>
    <subfield code="l">0</subfield>
    <subfield code="p">1201015385</subfield>
    <subfield code="r">2025-04-29 19:04:41</subfield>
    <subfield code="w">2025-04-29</subfield>
    <subfield code="y">TD</subfield>
  </datafield>
</record>
